000 00478nam a2200193Ia 4500
003 GCL
008 140319s9999 xx 000 0 eng d
040 _aGCL /
_cGCL
082 0 4 _a822
_bS T
100 1 _aSIDNEY, JENNIE
245 1 0 _aTENDER IS THE NIGHT: F SCOTT FITGERALD /
_cSIDNEY, JENNIE
700 1 _aBOTEMAN, BORRY
260 _a[S.N] :
_bLONGMAN ،
_c1994
300 _a358 P
650 0 4 _aLITERATURE
650 0 4 _aSTORIES
650 0 4 _aENGLISH
942 _2ddc
_cBK
999 _c25198
_d25198